| 000 | 00706nam a2200121Ia 4500 | ||
|---|---|---|---|
| 008 | 220620s9999||||xx |||||||||||||| ||und|| | ||
| 245 | 4 | _aThe Transcultural Critic: Sabahattin Ali and Beyond | |
| 546 | _aEnglish[eng] | ||
| 650 | _aSabahattin Ali||Germany||Intertextuality||Turkey||Venus | ||
| 700 | _aOzil, Seyda||Hofmann, Michael||Laut, Jens-Peter||Dayioglu-Yücel, Yasemin||Zierau, Cornelia | ||
| 856 | _uhttps://library.oapen.org/bitstream/20.500.12657/37249/1/Tuerkisch_deutsches_Jahrbuch2016.pdf||https://library.oapen.org/bitstream/20.500.12657/37249/1/Tuerkisch_deutsches_Jahrbuch2016.pdf||https://library.oapen.org/bitstream/20.500.12657/37249/1/Tuerkisch_deutsches_Jahrbuch2016.pdf | ||
| 942 | _cEB | ||
| 999 |
_c27032 _d27032 |
||